[Event "It (open)"]
[Site "masterchessopen.com Indianapolis (USA)"]
[Date "2009.08.03"]
[Round "3"]
[White "Dean Jim H (USA)"]
[Black "Balkum A"]
[Result "1-0"]
[WhiteElo "2264"]
[BlackElo "2137"]

1.d4 Nf6 2.c4 e6 3.Nc3 Bb4 4.e3 b6 5.Ne2 Ba6 6.a3 Bxc3+ 7.Nxc3 d5 8.b3 O-O
9.Be2 dxc4 10.bxc4 Qd7 11.Bb2 Nc6 12.Rc1 Na5 13.Nb1 c5 14.O-O Rac8 15.Nd2 cxd4
16.exd4 Rfd8 17.Bd3 e5 18.Qf3 Qb7 19.d5 b5 20.Bxe5 bxc4 21.Bxf6 cxd3 22.Qg3 g6
23.Qg5 Qb6 24.Rc6 {#r} 1-0

[Event "Memorial E.Geller (open)"]
[Site "masterchessopen.com Odessa (Ukraine)"]
[Date "2009.08.21"]
[Round "2"]
[White "Mirzoev Emil (UKR)"]
[Black "Fiodorov Mikhail (UKR)"]
[Result "1-0"]
[WhiteElo "2026"]
[BlackElo "2219"]

1.d4 Nf6 2.c4 e6 3.Nc3 Bb4 4.e3 b6 5.Ne2 Ba6 6.Qa4 Qe7 7.a3 Bxc3+ 8.Nxc3 O-O
9.Be2 d5 10.O-O Qd7 11.Qxd7 Nbxd7 12.Nb5 Ne8 13.cxd5 exd5 14.Bd2 c6 15.Nc3
Bxe2 16.Nxe2 f5 17.Rac1 Rf6 18.Rc2 a5 19.Rfc1 Nb8 20.Nf4 Nd6 21.a4 b5 22.axb5
Nxb5 23.Rc5 Rd6 24.Nd3 Nc7 25.Rxa5 Rxa5 26.Bxa5 Nca6 27.Ne5 Re6 28.f4 Kf8
29.h3 h5 30.Kf2 Ke7 31.Kg3 g6 32.Kh4 Kf6 33.Rc3 Rd6 34.Bb6 Re6 35.Bd8+ Kg7
36.Rb3 c5 37.Rb7+ Kg8 38.dxc5 Nc6 39.Nxc6 Nxc5 40.Rb6 Nd7 41.Ra6 Nc5 42.Ne7+
Rxe7 43.Rxg6+ Rg7 44.Rxg7+ Kxg7 45.Kxh5 {#r} 1-0

[Event "It (open)"]
[Site "masterchessopen.com Polanica Zdroj (Poland)"]
[Date "2009.08.23"]
[Round "6"]
[White "Piorun Kacper (POL)"]
[Black "Moranda Wojciech (POL)"]
[Result "0-1"]
[WhiteElo "2457"]
[BlackElo "2545"]

1.d4 Nf6 2.c4 e6 3.Nc3 Bb4 4.e3 b6 5.Ne2 Ba6 6.a3 Bxc3+ 7.Nxc3 d5 8.b3 O-O
9.Be2 Nc6 10.a4 Re8 11.O-O e5 12.dxe5 Nxe5 13.cxd5 Bxe2 14.Qxe2 Nxd5 15.Bb2
Nxc3 16.Bxc3 Qd3 17.Qb2 Qe4 18.Rad1 Nd3 19.Qb1 Rad8 20.Bd4 c5 21.Qxd3 cxd4
22.exd4 Qxd3 23.Rxd3 Kf8 24.g3 Rc8 25.d5 Ke7 26.Rd4 Kd6 27.Rfd1 Rc2 28.R1d3
Re5 29.Rf3 f6 30.Rc4 Ree2 31.Rf5 Rxc4 32.bxc4 Ra2 33.Rf4 Kd7 34.Rh4 h6 35.Rg4
g5 36.Re4 Rxa4 37.Re6 Rxc4 38.Rxf6 b5 39.Rxh6 Rc7 40.Rh8 Rb7 41.Kf1 b4 42.Ke2
b3 43.Kd2 b2 44.Rh7+ Kc8 45.Rh8+ Kc7 46.Rh7+ Kb6 47.Rxb7+ Kxb7 48.Kc2 g4 {#R}
0-1

[Event "It (open)"]
[Site "masterchessopen.com Hoogeveen (Netherlands)"]
[Date "2009.10.16"]
[Round "1"]
[White "Galje Hans (NED)"]
[Black "Van Oosterom Chiel (NED)"]
[Result "0-1"]
[WhiteElo "2159"]
[BlackElo "2402"]

1.d4 Nf6 2.c4 e6 3.Nc3 Bb4 4.e3 b6 5.Ne2 Ba6 6.a3 Bxc3+ 7.Nxc3 d5 8.b3 O-O
9.Be2 dxc4 10.bxc4 Nc6 11.Bf3 Qd7 12.Qa4 Bb7 13.O-O Na5 14.Qxd7 Nxd7 15.Bxb7
Nxb7 16.Ne4 Na5 17.Nd2 Rfd8 18.Ra2 c5 19.Rc2 cxd4 20.exd4 e5 21.Bb2 exd4
22.Bxd4 Rac8 23.g3 Nf8 24.Be3 Ne6 25.Rb1 Rd3 26.c5 bxc5 27.Rb5 Nc6 28.Nb3 h6
29.Rc1 a6 30.Rb6 Ne5 31.Nxc5 Nxc5 32.Rxc5 Rxc5 33.Rb8+ Kh7 34.Bxc5 Nd7 35.Rc8
Rc3 {#R} 0-1

[Event "Ch France (team) (nat.2) 2009/10"]
[Site "masterchessopen.com France"]
[Date "2009.10.17"]
[Round "2"]
[White "Blanche Paul (FRA)"]
[Black "Grill Marc (FRA)"]
[Result "0-1"]
[WhiteElo "2120"]
[BlackElo "2199"]

1.d4 Nf6 2.c4 e6 3.Nc3 Bb4 4.e3 b6 5.Ne2 Ba6 6.a3 Bxc3+ 7.Nxc3 d5 8.Qf3 O-O
9.e4 Bxc4 10.Bxc4 dxc4 11.Bg5 Qxd4 12.Rd1 Qe5 13.Bf4 Qh5 14.Qxh5 Nxh5 15.Bxc7
Nc6 16.g4 Rfc8 17.Bd6 Nf6 18.f3 Rd8 19.Kf2 Rd7 20.e5 Ne8 21.Ne4 Nxd6 22.exd6
Ne5 23.Rd4 Rad8 24.Rhd1 Nd3+ 25.Ke3 f5 26.Nc3 Rxd6 27.Rxd6 Rxd6 28.b3 a6
29.bxc4 Ne5 30.Rd4 Rxd4 31.Kxd4 Nxf3+ 32.Ke3 fxg4 33.Na4 b5 34.c5 Kf7 35.c6
Ke7 36.Nc5 Kd6 37.a4 bxa4 {#R} 0-1

[Event "It (open) \"]
[Site "masterchessopen.com Hastings (England)"]
[Date "2010.01.05"]
[Round "9"]
[White "Mitchell Martin (SCO)"]
[Black "Martin Andrew D (ENG)"]
[Result "0-1"]
[WhiteElo "2228"]
[BlackElo "2406"]

1.d4 Nf6 2.c4 e6 3.Nc3 Bb4 4.e3 b6 5.Ne2 Ba6 6.a3 Bxc3+ 7.Nxc3 d5 8.b3 O-O
9.a4 Nc6 10.Ba3 Re8 11.Be2 dxc4 12.bxc4 Na5 13.Nb5 Nb7 14.Bb2 c6 15.Na3 Rc8
16.Nb5 Na5 17.Na3 c5 18.Rc1 cxd4 19.exd4 Re7 20.O-O Rd7 21.Nb5 Bb7 22.Qd3 a6
23.Na3 Be4 24.Qe3 Bg6 25.c5 Nd5 26.Qg3 Ra8 27.Nc4 Nxc4 28.Bxc4 Ne7 29.Qc3 Nd5
30.Bxd5 Rxd5 31.c6 Qc7 32.Rfe1 Rc8 33.Re5 Rxe5 34.dxe5 Be4 35.Ba3 Bxc6 36.Bd6
Qb7 37.f3 Bd7 38.Bc7 Bxa4 39.Qd4 Be8 40.Qd6 h6 41.Rc3 a5 {#R} 0-1

[Event "Ch New Zealand"]
[Site "masterchessopen.com Auckland (New Zealand)"]
[Date "2010.01.12"]
[Round "11"]
[White "Davis Justin (NZL)"]
[Black "Stuart Peter (NZL)"]
[Result "1-0"]
[WhiteElo "2023"]
[BlackElo "2048"]

1.d4 Nf6 2.c4 e6 3.Nc3 Bb4 4.e3 b6 5.Ne2 Ba6 6.a3 Be7 7.Nf4 d5 8.cxd5 Bxf1
9.dxe6 Ba6 10.exf7+ Kxf7 11.e4 c5 12.e5 Qxd4 13.e6+ Kf8 14.Qf3 Qe5+ 15.Be3 Nc6
16.Qxc6 Rd8 17.Qa4 g5 18.Nh3 Bb7 19.Nxg5 Bxg2 20.Nf7 {#r} 1-0

[Event "Ch City (open)"]
[Site "masterchessopen.com Belgrade (Serbia)"]
[Date "2010.01.26"]
[Round "4"]
[White "Jovanovic Sasa T (SRB)"]
[Black "Carnic Srdjan (SRB)"]
[Result "1-0"]
[WhiteElo "2283"]
[BlackElo "2349"]

1.d4 Nf6 2.c4 e6 3.Nc3 Bb4 4.e3 b6 5.Ne2 Ba6 6.a3 Bxc3+ 7.Nxc3 d5 8.b3 O-O
9.Bd3 dxc4 10.bxc4 Nc6 11.Bb2 Na5 12.Qe2 Rc8 13.O-O c5 14.dxc5 Rxc5 15.Nb5
Bxb5 16.cxb5 Nd5 17.Rac1 Rxc1 18.Rxc1 Qd7 19.Qc2 h6 20.g3 Rd8 21.Be2 Nb7 22.a4
Nc5 23.Qc4 Nf6 24.a5 Rc8 25.a6 Qd2 26.Bxf6 gxf6 27.Rd1 Qb2 28.Rd7 Nxd7
29.Qxc8+ Kg7 30.Qxd7 Qxe2 31.Kg2 e5 32.Qxa7 e4 33.Qd7 {#r} 1-0

[Event "Ch City (final)"]
[Site "masterchessopen.com Omsk (Russia)"]
[Date "2010.02.23"]
[Round "3"]
[White "Boichuk Alexei (RUS)"]
[Black "Borisov Sergey (RUS)"]
[Result "1-0"]
[WhiteElo "2184"]
[BlackElo "2115"]

1.d4 Nf6 2.c4 e6 3.Nc3 Bb4 4.e3 b6 5.Ne2 Ba6 6.a3 Bxc3+ 7.Nxc3 d5 8.b3 O-O
9.Be2 Nbd7 10.O-O dxc4 11.bxc4 Bb7 12.a4 a5 13.Ba3 Re8 14.Rb1 Ne4 15.Qc2 Nxc3
16.Qxc3 Qg5 17.f3 Bc6 18.Bd1 f5 19.Bc2 Nf6 20.Rbe1 Rad8 21.e4 fxe4 22.fxe4 e5
23.d5 Bd7 24.Bc1 Qh4 25.Re3 Ng4 26.Rh3 Qe7 27.Ba3 Qg5 28.Rg3 Qh4 29.h3 Nf6
30.Rgf3 c6 31.Qe3 cxd5 32.cxd5 b5 33.axb5 Bxb5 34.Rb1 Rc8 35.Rf2 Bc4 36.Rb7 a4
37.Bxa4 Bxd5 38.exd5 Qxa4 39.Rxf6 Qd4 40.Qxd4 exd4 41.Rff7 {#r} 1-0

[Event "It (open)"]
[Site "masterchessopen.com Metz (France)"]
[Date "2010.04.11"]
[Round "2"]
[White "Zubarev Alexander (UKR)"]
[Black "Philippe Christophe (FRA)"]
[Result "1-0"]
[WhiteElo "2586"]
[BlackElo "2417"]

1.d4 Nf6 2.c4 e6 3.Nc3 Bb4 4.e3 b6 5.Ne2 Ba6 6.a3 Be7 7.Nf4 d5 8.cxd5 Bxf1
9.Kxf1 exd5 10.g4 h6 11.Qf3 c6 12.h4 Qd6 13.Bd2 Nbd7 14.Rc1 Nf8 15.g5 hxg5
16.hxg5 Rxh1+ 17.Qxh1 N6h7 18.Nfxd5 Bd8 19.Nb4 Nxg5 20.Nb5 Qh6 21.Qxh6 gxh6
22.Nxc6 Ne4 23.Bb4 a6 24.f3 axb5 25.fxe4 Rc8 26.Bxf8 Kxf8 27.e5 Bg5 28.Ke2 Ke8
29.d5 {#r} 1-0

[Event "It (open)"]
[Site "masterchessopen.com Maastricht (Netherlands)"]
[Date "2010.05.22"]
[Round "2"]
[White "Bezemer Arno (NED)"]
[Black "Roos Adrian (BEL)"]
[Result "1-0"]
[WhiteElo "2318"]
[BlackElo "2112"]

1.d4 Nf6 2.c4 e6 3.Nc3 Bb4 4.e3 b6 5.Ne2 Ba6 6.Qa4 c5 7.dxc5 Bxc5 8.Nf4 Bb7
9.Be2 g5 10.Nd3 Bxg2 11.Rg1 Bc6 12.Qc2 Qc7 13.Rg3 Be7 14.Bd2 h6 15.O-O-O Na6
16.f4 d6 17.e4 gxf4 18.Bxf4 Nc5 19.Nxc5 bxc5 20.Nb5 Bxb5 21.cxb5 Rc8 22.Qa4
Kf8 23.Ra3 e5 24.Bd2 Ra8 25.Rf1 Nd7 26.Qc4 Nf6 27.Raf3 d5 28.exd5 Qd6 29.Qh4
Nxd5 30.Rxf7+ Ke8 31.Qe4 Rd8 32.Bh5 Kd7 33.Ba5 Rdf8 34.Rd1 Rxf7 35.Rxd5 Bg5+
36.Kc2 Rf2+ 37.Kd1 Rf6 38.Rxd6+ Rxd6+ 39.Kc2 Rf8 40.Bg4+ Ke8 41.Qxe5+ Be7
42.Qh5+ Rf7 43.Bc3 Kf8 44.Qe5 {#r} 1-0

[Event "Tournament (Elo) \"]
[Site "masterchessopen.com Warsaw (Poland)"]
[Date "2010.05.27"]
[Round "8"]
[White "Nguyen Piotr (POL)"]
[Black "Warszawski Bartosz (POL)"]
[Result "1-0"]
[WhiteElo "2367"]
[BlackElo "2309"]

1.d4 Nf6 2.c4 e6 3.Nc3 Bb4 4.e3 b6 5.Ne2 Ba6 6.a3 Bxc3+ 7.Nxc3 d5 8.Qf3 O-O
9.g4 Bb7 10.Bd3 Nbd7 11.g5 Ne4 12.Nxe4 dxe4 13.Bxe4 Bxe4 14.Qxe4 Qxg5 15.Bd2
Qh5 16.Bc3 e5 17.Rg1 Rae8 18.Qd5 Re7 19.Rd1 Rfe8 20.h4 Qxh4 21.Qg2 Qf6 22.dxe5
Nxe5 23.f4 Qh4+ 24.Kf1 f6 25.fxe5 fxe5 26.b3 Rf7+ 27.Ke2 Ref8 28.Rdf1 Qh5+
29.Kd2 Rd8+ 30.Kc2 Rfd7 31.Rh1 Qe8 32.Qe4 h6 33.Rf5 {#r} 1-0

[Event "Cup Mayor's (open)"]
[Site "masterchessopen.com Mumbai (India)"]
[Date "2010.06.05"]
[Round "5"]
[White "Aleksandrov Aleksej (BLR)"]
[Black "Swayams Mishra (IND)"]
[Result "1-0"]
[WhiteElo "2647"]
[BlackElo "2377"]

1.d4 Nf6 2.c4 e6 3.Nc3 Bb4 4.e3 b6 5.Ne2 Ba6 6.Qa4 c5 7.a3 Bxc3+ 8.Nxc3 O-O
9.dxc5 bxc5 10.Be2 d5 11.O-O Qb6 12.cxd5 Bxe2 13.Nxe2 exd5 14.b4 Nbd7 15.Bb2
Rfc8 16.Bc3 Qc6 17.Qxc6 Rxc6 18.Rfd1 Rac8 19.Be1 Nb6 20.b5 Rd6 21.a4 Nc4 22.a5
Rb8 23.Rdb1 Rd7 24.Rb3 Rdb7 25.Nc3 d4 26.exd4 cxd4 27.Ne2 d3 28.Rxd3 Rxb5
29.Nd4 Rb1 30.Rd1 Rxd1 31.Rxd1 Rd8 32.Rb1 h6 33.Nc6 Rd7 34.Rc1 Nb2 35.Kf1 Nd3
36.Rd1 Rc7 37.Rxd3 Rxc6 38.Ke2 Re6+ 39.Re3 Nd5 40.Rxe6 fxe6 41.Kd3 Kf7 42.Kc4
a6 43.Kc5 Ke7 44.Kc6 g5 45.Bd2 Nf4 46.Bxf4 gxf4 47.Kb6 {#r} 1-0

[Event "Ch Turkey (team)"]
[Site "masterchessopen.com Konya (Turkey)"]
[Date "2010.07.02"]
[Round "5"]
[White "Atalik Suat (BIH)"]
[Black "Sengul Cengiz (TUR)"]
[Result "1-0"]
[WhiteElo "2613"]
[BlackElo "2225"]

1.d4 Nf6 2.c4 e6 3.Nc3 Bb4 4.e3 b6 5.Ne2 Ba6 6.Ng3 Bxc3+ 7.bxc3 d5 8.Ba3 Bxc4
9.Bxc4 dxc4 10.e4 Qd7 11.O-O Nc6 12.Qe2 O-O-O 13.Qxc4 Kb7 14.Qe2 h5 15.Rfd1 h4
16.Nf1 h3 17.g3 Na5 18.Nd2 Qa4 19.Be7 Rd7 20.Bxf6 gxf6 21.Nb3 e5 22.Rab1 Ka8
23.Nxa5 Qxa5 24.Qc4 Kb7 25.d5 Rd6 26.Rb5 Qa3 27.Rb3 Qa6 28.Qxa6+ Kxa6 29.c4
Rdd8 30.c5 Kb7 31.c6+ Kc8 32.Rf3 Rh6 33.Kf1 Rg8 34.Ke2 Kd8 35.d6 f5 36.Rxf5
Rxd6 37.Rxd6+ cxd6 38.Rxf7 a6 39.Rb7 Kc8 40.Rxb6 Kc7 41.Rxa6 Rb8 42.g4 Rb1
43.Ra3 Kxc6 44.Rxh3 Kc5 45.Rd3 Rb2+ 46.Rd2 Rb1 47.h4 {#r} 1-0

[Event "It (open)"]
[Site "masterchessopen.com Gent (Belgium)"]
[Date "2010.07.17"]
[Round "2"]
[White "Van Der Stricht Geert (BEL)"]
[Black "De Herdt Yasseen (BEL)"]
[Result "0-1"]
[WhiteElo "2392"]
[BlackElo "1997"]

1.d4 Nf6 2.c4 e6 3.Nc3 Bb4 4.e3 b6 5.Ne2 Ba6 6.Ng3 Bxc3+ 7.bxc3 d5 8.Ba3 Bxc4
9.Bxc4 dxc4 10.O-O Qd5 11.Rb1 Qc6 12.e4 Nbd7 13.d5 exd5 14.exd5 Nxd5 15.Nf5
Kd8 16.Qd4 Re8 17.Nxg7 Rg8 18.Rbd1 N5f6 19.Be7+ Kc8 20.g3 Rxg7 21.a4 a5 22.Qh4
Kb7 23.Rd4 Qe6 24.Bxf6 Qxf6 25.Qe4+ Qc6 26.Qf5 f6 27.Rfd1 Ne5 {#R} 0-1

[Event "It (cat.8)"]
[Site "masterchessopen.com Mislata (Spain)"]
[Date "2010.08.19"]
[Round "6"]
[White "Camarena Gimenez Rufino (ESP)"]
[Black "Pardo Simon David (ESP)"]
[Result "1-0"]
[WhiteElo "2407"]
[BlackElo "2336"]

1.d4 Nf6 2.c4 e6 3.Nc3 Bb4 4.e3 b6 5.Ne2 Ba6 6.a3 Bxc3+ 7.Nxc3 d5 8.b3 O-O
9.Bd3 c5 10.O-O Nc6 11.dxc5 dxc4 12.Be2 bxc5 13.bxc4 Qxd1 14.Rxd1 Rfd8 15.Bd2
Na5 16.Nb5 Nb3 17.Ra2 Bxb5 18.cxb5 Ne4 19.Be1 c4 20.Rxd8+ Rxd8 21.Rc2 c3 22.f3
Na1 23.Ra2 Nd2 24.Rxa1 Nb3 25.Rd1 {#r} 1-0

[Event "Memorial E.Geller (open)"]
[Site "masterchessopen.com Odessa (Ukraine)"]
[Date "2010.08.24"]
[Round "4"]
[White "Kutsykh Mikle (UKR)"]
[Black "Fiodorov Mikhail (UKR)"]
[Result "1-0"]
[WhiteElo "2292"]
[BlackElo "2176"]

1.d4 Nf6 2.c4 e6 3.Nc3 Bb4 4.e3 b6 5.Ne2 Ba6 6.a3 Bxc3+ 7.Nxc3 d5 8.b3 O-O
9.Qf3 c6 10.g4 Re8 11.Bb2 Nfd7 12.O-O-O Qh4 13.Rg1 Bb7 14.g5 e5 15.cxd5 cxd5
16.dxe5 Nxe5 17.Qg3 Qh5 18.Be2 Qg6 19.f4 Ned7 20.Bd3 Qe6 21.Qh4 Nf8 22.Rg3
Nbd7 23.Rh3 f5 24.gxf6 Nxf6 25.Nb5 Ne4 26.Nd4 Qf7 27.Rg1 Bc8 28.f5 Nf6 29.Ne6
Ng6 30.fxg6 Qxe6 31.Qxh7+ Kf8 32.Rf3 {#r} 1-0

[Event "It (open)"]
[Site "masterchessopen.com Moratalaz (Spain)"]
[Date "2010.09.23"]
[Round "8"]
[White "Rubio Mejia Luis Ignacio (ESP)"]
[Black "Moreno Ruiz Javier (ESP)"]
[Result "0-1"]
[WhiteElo "2373"]
[BlackElo "2491"]

1.d4 Nf6 2.c4 e6 3.Nc3 Bb4 4.e3 b6 5.Ne2 Ba6 6.Ng3 O-O 7.e4 Nc6 8.Bg5 h6 9.h4
d6 10.a3 Bxc3+ 11.bxc3 Re8 12.Be3 Na5 13.Rh3 Bxc4 14.Nh5 Nxh5 15.Qxh5 Qf6
16.Rg3 Kh7 17.Bxc4 Nxc4 18.Kf1 d5 19.Kg1 dxe4 20.Qg4 Nd6 21.Bf4 g6 22.Bxd6
cxd6 23.h5 d5 24.hxg6+ fxg6 25.f3 h5 26.Qh3 e3 27.f4 e2 28.Re1 Qxf4 29.Rxe2
Rf8 30.Rxe6 Qc1+ 31.Kh2 Rf1 32.Re7+ Kh8 {#R} 0-1

[Event "Olympiad"]
[Site "masterchessopen.com Khanty Mansyisk (Russia)"]
[Date "2010.10.01"]
[Round "10"]
[White "Tologontegin Semetey (KGZ)"]
[Black "Shengelia Davit (AUT)"]
[Result "0-1"]
[WhiteElo "2320"]
[BlackElo "2587"]

1.d4 Nf6 2.c4 e6 3.Nc3 Bb4 4.e3 b6 5.Ne2 Ba6 6.a3 Bxc3+ 7.Nxc3 d5 8.cxd5 Bxf1
9.Kxf1 exd5 10.Qf3 O-O 11.g4 Re8 12.Bd2 Nc6 13.Qf5 Ne7 14.Qf3 Qd7 15.h3 Rad8
16.Kg2 c5 17.Rad1 Ng6 18.Qg3 cxd4 19.exd4 Ne4 20.Nxe4 Rxe4 21.Be3 f5 22.gxf5
Nh4+ 23.Kg1 Nxf5 24.Qg5 Rf8 25.Rh2 Nh4 26.Kh1 Nf3 27.Qg3 Nxh2 28.Kxh2 Re6
29.Rc1 Rg6 30.Qc7 Qf5 31.Qxa7 h6 32.Qe7 Qf3 33.Rg1 Rxg1 34.Qe6+ Kh7 35.Kxg1
Rf6 36.Qg4 Rg6 {#R} 0-1

[Event "It (open)"]
[Site "masterchessopen.com Bad Wiessee (Germany)"]
[Date "2010.10.30"]
[Round "1"]
[White "Graf Alexander (GER)"]
[Black "Ries Berthold (GER)"]
[Result "1-0"]
[WhiteElo "2606"]
[BlackElo "2027"]

1.d4 Nf6 2.c4 e6 3.Nc3 Bb4 4.e3 b6 5.Ne2 Ba6 6.Ng3 O-O 7.e4 d5 8.cxd5 Bxf1
9.Kxf1 exd5 10.e5 Ne4 11.Ncxe4 dxe4 12.Nxe4 Nc6 13.Be3 Qd5 14.Qg4 Kh8 15.a3
Be7 16.Nc3 Qc4+ 17.Qe2 Qb3 18.Qb5 Na5 19.Qxb3 Nxb3 20.Rd1 Rfd8 21.Ke2 Rd7
22.f4 Rad8 23.d5 Bc5 24.f5 Re7 25.e6 Rde8 26.Ne4 Bxe3 27.Kxe3 fxe6 28.dxe6 Na5
29.Rc1 g6 30.g4 Rf8 31.Rhf1 c5 32.b4 Nb3 33.Rc3 Nd4 34.bxc5 bxc5 35.Nxc5 Nxe6
36.Nxe6 Rxe6+ 37.fxe6 Rxf1 38.Kd4 Re1 39.Re3 Rd1+ 40.Kc5 Rd8 41.e7 Re8 {#r}
1-0

[Event "Ch Brazil (1/2 final)"]
[Site "masterchessopen.com Sao Paulo (Brazil)"]
[Date "2010.10.30"]
[Round "1"]
[White "Name Gabriel (BRA)"]
[Black "Di Berardino Diego Rafael (BRA)"]
[Result "0-1"]
[WhiteElo "2153"]
[BlackElo "2492"]

1.d4 Nf6 2.c4 e6 3.Nc3 Bb4 4.e3 b6 5.Ne2 Ba6 6.a3 Be7 7.Nf4 d5 8.b3 O-O 9.Bd3
Bd6 10.Nh5 Nbd7 11.Nxf6+ Nxf6 12.Bb2 Bb7 13.cxd5 exd5 14.b4 Ne4 15.Nxe4 dxe4
16.Bc4 Qg5 17.g3 Bd5 18.Qb3 Bxc4 19.Qxc4 b5 20.Qb3 a5 21.O-O h5 22.bxa5 h4
23.Kg2 Rxa5 24.f4 Qh5 25.gxh4 Rfa8 26.Rf2 Qxh4 27.Kg1 Qe7 28.Re2 b4 29.Bc1
bxa3 30.Rea2 Qh4 31.Qc2 Qg4+ 32.Kf1 Qf5 33.Qb3 R8a6 34.Rg2 Qh3 35.Kg1 Rb6
36.Qc2 Qf3 37.Rg3 Qh5 38.Qxe4 Bf8 39.Bd2 Raa6 40.Qc2 a2 41.Rg2 Qb5 42.Qc1 Qd3
{#R} 0-1

[Event "Ch Belgium (team) 2010/11"]
[Site "masterchessopen.com Belgium"]
[Date "2010.12.05"]
[Round "5"]
[White "Timmermans Daniel (BEL)"]
[Black "Nieto Emanuel (BEL)"]
[Result "0-1"]
[WhiteElo "1953"]
[BlackElo "2272"]

1.d4 Nf6 2.c4 e6 3.Nc3 Bb4 4.e3 b6 5.Ne2 Ba6 6.Qa4 c5 7.a3 Bxc3+ 8.Nxc3 O-O
9.Be2 cxd4 10.exd4 d5 11.c5 Bxe2 12.Nxe2 bxc5 13.dxc5 Ne4 14.Be3 e5 15.f3 d4
16.fxe4 dxe3 17.Rd1 Qh4+ 18.g3 Qh3 19.Qb3 Nc6 20.Qxe3 f5 21.Kd2 f4 22.Qf3 Rab8
23.Kc1 Qe6 24.Qd3 f3 25.Nc3 Nd4 26.Nd5 Rfc8 27.b4 a5 28.Qc4 Kh8 29.Rxd4 exd4
30.Qxd4 axb4 31.axb4 Rf8 32.Rf1 Ra8 33.Rf2 Ra3 34.Kd2 Qh6+ 35.Nf4 Qa6 36.Kc2
Ra8 37.Kd2 Qb5 38.Nd3 Rxd3+ 39.Qxd3 Qxb4+ 40.Ke3 Qxc5+ 41.Kf4 Qxf2 42.Qd5 Rf8+
{#R} 0-1

[Event "It (open)"]
[Site "masterchessopen.com Pavlodar (Kazakhstan)"]
[Date "2010.12.06"]
[Round "7"]
[White "Melnikov Egor (RUS)"]
[Black "Grigoriev Armen (GEO)"]
[Result "1-0"]
[WhiteElo "1978"]
[BlackElo "2294"]

1.d4 Nf6 2.c4 e6 3.Nc3 Bb4 4.e3 b6 5.Ne2 Ba6 6.Ng3 Bb7 7.Qc2 Bxc3+ 8.bxc3 d6
9.e4 Nbd7 10.Bd3 O-O 11.O-O Re8 12.a4 c5 13.f4 e5 14.Nf5 Qc7 15.fxe5 dxe5
16.d5 Nf8 17.Qf2 Nh5 18.g3 Ng6 19.Qf3 Nxg3 20.hxg3 Bc8 21.Nxg7 {#r} 1-0

[Event "Memorial Crespi (open) (b)"]
[Site "masterchessopen.com Milan (Italy)"]
[Date "2010.12.08"]
[Round "7"]
[White "Arboscelli Gregorio (ITA)"]
[Black "Marino Marco (ITA)"]
[Result "1-0"]
[WhiteElo "1906"]
[BlackElo "1775"]

1.d4 Nf6 2.c4 e6 3.Nc3 Bb4 4.e3 b6 5.Ne2 Ba6 6.a3 Bxc3+ 7.Nxc3 d5 8.b3 O-O
9.Bd3 Nc6 10.cxd5 Bxd3 11.dxc6 Ba6 12.Qf3 Qd6 13.Bb2 Nd5 14.Nxd5 exd5 15.Rc1
Bb5 16.Rc3 Bxc6 17.O-O Bb7 18.Rfc1 Rfc8 19.b4 Ba6 20.e4 Bc4 21.e5 Qg6 22.Qf4
a5 23.Rg3 Qe6 24.h4 b5 25.h5 Kh8 26.Bc3 a4 27.Bd2 Rg8 28.Qh4 Ra6 29.Rcc3 Rc6
30.h6 g6 31.Bg5 Re8 32.Rcf3 Be2 33.Rc3 Bc4 34.Rgf3 Qd7 35.Qf4 Kg8 36.Qh4 Rce6
37.Rf4 Rf8 38.Qg4 Qe8 39.Bf6 Qd7 40.Qg5 Rfe8 41.Rh4 Rc6 42.Re3 Bb3 43.f4 Rc1+
44.Kh2 Bc2 45.Rc3 Qf5 46.Qxf5 gxf5 47.g4 {#r} 1-0

[Event "It (open)"]
[Site "masterchessopen.com Glyfada (Greece)"]
[Date "2011.01.09"]
[Round "7"]
[White "Drakoulakos Grigorios (GRE)"]
[Black "Savoglou Nikolaos (GRE)"]
[Result "0-1"]
[WhiteElo "1704"]
[BlackElo "2075"]

1.d4 e6 2.c4 Nf6 3.Nc3 Bb4 4.e3 b6 5.Ne2 Ba6 6.a3 Bxc3+ 7.Nxc3 d5 8.b3 Nc6
9.Be2 O-O 10.b4 Bxc4 11.Bxc4 dxc4 12.Qe2 e5 13.Qxc4 exd4 14.Qxc6 dxc3 15.Qxc3
Ne4 16.Qc2 Re8 17.O-O c5 18.f3 Nf6 19.bxc5 Rc8 20.Qa4 Rxc5 21.Qxa7 Qd3 22.Qa4
Rc2 23.Qh4 Rec8 24.Qh3 Rxc1 25.Rfxc1 Qxe3+ 26.Kf1 Rxc1+ 27.Rxc1 Qxc1+ 28.Kf2
Qc5+ 29.Ke2 Qxa3 30.Qc8+ Qf8 31.Qa6 Qe8+ 32.Kf2 b5 {#R} 0-1

[Event "Cup DIESA"]
[Site "masterchessopen.com Asuncion (Paraguay)"]
[Date "2011.03.17"]
[Round "8"]
[White "Perdomo Leandro (ARG)"]
[Black "Riline Alejandro (PAR)"]
[Result "1-0"]
[WhiteElo "2387"]
[BlackElo "2189"]

1.d4 Nf6 2.c4 e6 3.Nc3 Bb4 4.e3 b6 5.Ne2 Ba6 6.a3 Bxc3+ 7.Nxc3 d5 8.b3 O-O
9.Be2 Nc6 10.a4 Re8 11.Bf3 Qd7 12.Ba3 Rad8 13.O-O Ne7 14.a5 Ng6 15.axb6 axb6
16.g3 Qc8 17.Nb5 e5 18.Bb2 Bxb5 19.cxb5 e4 20.Bg2 Qd7 21.Qe2 Ra8 22.Ra6 Rxa6
23.bxa6 b5 24.Ra1 Ra8 25.Qc2 Ne7 26.Qc5 c6 27.Bc3 h5 28.Qb6 Ra7 29.Bb4 Nc8
30.Qb8 Qc7 31.Qxc7 Rxc7 32.Bc5 Na7 33.Bh3 Ng4 34.Bb6 Re7 35.Rc1 Kh7 36.b4 Nf6
37.Bxa7 Rxa7 38.Rxc6 Ne8 39.Bc8 Nc7 40.Bb7 Ne8 41.Rc8 Nd6 42.Ra8 Rxa8 43.Bxa8
Nc8 44.Bxd5 f5 45.Be6 {#r} 1-0

[Event "Ch Switzerland (team) 2011"]
[Site "masterchessopen.com Switzerland"]
[Date "2011.03.20"]
[Round "2"]
[White "Toth Bela (ITA)"]
[Black "Carron Julien (SUI)"]
[Result "1-0"]
[WhiteElo "2345"]
[BlackElo "2374"]

1.d4 Nf6 2.c4 e6 3.Nc3 Bb4 4.e3 b6 5.Ne2 Ba6 6.Ng3 O-O 7.e4 c5 8.d5 exd5
9.cxd5 Bxf1 10.Kxf1 Re8 11.Qf3 Bxc3 12.bxc3 Nxe4 13.d6 Qf6 14.Nxe4 Qe6 15.Nf6+
gxf6 16.Bh6 Qc4+ 17.Kg1 Qe4 18.Qxe4 Rxe4 19.h4 Nc6 20.Rh3 Kh8 21.Rd1 Rg8 22.h5
Reg4 23.g3 Ne5 24.Kg2 Ra4 25.Rd2 Rc4 26.Rh1 Ng4 27.Bf4 Ne5 28.Rh4 Rxc3 29.Re2
Re8 30.Bd2 Rd3 31.f4 Rxd2 32.Rxd2 Nc4 33.Rd3 f5 34.Kf3 Kg7 35.g4 fxg4+
36.Rxg4+ Kf6 37.h6 Re6 38.Rg7 Nxd6 39.Rxh7 c4 40.Rd1 c3 41.Rh8 c2 42.Rh1 Nf5
43.Rc8 Nd4+ 44.Kg4 Kg6 45.f5+ Nxf5 46.h7 {#r} 1-0

[Event "Ch Berlin"]
[Site "masterchessopen.com Berlin (Germany)"]
[Date "2011.04.23"]
[Round "1"]
[White "Paulsen Dirk (GER)"]
[Black "Keskowski Thilo (GER)"]
[Result "1-0"]
[WhiteElo "2370"]
[BlackElo "2127"]

1.d4 Nf6 2.c4 e6 3.Nc3 Bb4 4.e3 b6 5.Ne2 Ba6 6.a3 Be7 7.Qa4 c6 8.e4 b5 9.cxb5
Bxb5 10.Qc2 O-O 11.g3 Bxe2 12.Bxe2 c5 13.dxc5 Bxc5 14.e5 Ne8 15.Bf3 Nc6
16.Bxc6 dxc6 17.O-O Qc7 18.Bf4 Be7 19.Ne4 h6 20.h4 Rd8 21.Rfd1 Rd5 22.h5 Qb7
23.Nc3 Rxd1+ 24.Rxd1 Bg5 25.Bxg5 hxg5 26.Ne4 f6 27.Nc5 Qf7 28.Nd7 {#r} 1-0

[Event "Tournament (Elo)"]
[Site "masterchessopen.com Santiago (Chile)"]
[Date "2011.04.27"]
[Round "4"]
[White "Caceres Sergio (CHI)"]
[Black "Moran Reyes Paulo (CHI)"]
[Result "0-1"]
[WhiteElo "2153"]
[BlackElo "2158"]

1.d4 Nf6 2.c4 e6 3.Nc3 Bb4 4.e3 b6 5.Ne2 Ba6 6.a3 Be7 7.Nf4 O-O 8.d5 exd5
9.Nfxd5 Nxd5 10.Nxd5 Nc6 11.Nxe7+ Qxe7 12.Be2 Ne5 13.Qc2 Qh4 14.b3 Rae8 15.O-O
f5 16.f3 Bb7 17.Bd2 Re6 18.g3 Qh5 19.Qd1 Rh6 20.Rf2 Rd6 21.Ra2 g5 22.Qf1 Qh6
23.e4 fxe4 24.fxe4 Rf3 25.Bc3 Rxg3+ 26.Rg2 Qxh2+ {#R} 0-1